Statistics for Melbourne Metropolitan Freeway/Tollway names

Click here to take the quiz!

General Stats

  • This quiz has been taken 145 times
  • The average score is 11 of 15

Answer Stats

Answer% Correct
Monash (M1)
91%
EastLink (M3)
88%
Eastern (M3)
87%
Western (M8)
87%
Western Ring Road (M80)
87%
Princes (M1)
86%
Tullamarine (M2)
78%
Hume (M31)
76%
Citylink (M2)
75%
Calder (M79)
68%
West Gate (M1)
61%
Mornington Peninsula (M11)
51%
Frankston (M3)
46%
Metropolitain Ring Road (M80)
41%
South Gippsland (M420)
36%

Score Distribution

Percentile by Number Answered

Percent of People with Each Score

Your Score History

You have not taken this quiz